| 000 | 00881nam a2200241 u 4500 | ||
|---|---|---|---|
| 005 | 20231011063607.0 | ||
| 008 | 190221s19932007 r 000 0 eng d | ||
| 020 | _a9789701818565 | ||
| 035 | _aUPN01000229189 | ||
| 049 | _aCG | ||
| 050 | 4 |
_aLB1578.361 M3.91 _bA4.91 |
|
| 100 | 1 |
_aAlmada Leyva, Francisco _942998 |
|
| 245 | 1 | 0 |
_aYoremnokki : _blengua mayo : Sonora y Sinaloa : primer grado / _cFrancisco Almada Leyva. |
| 260 |
_aMéxico : _bSEP, Comisión Nacional de Libros de Texto Gratuitos, _c1993 (2007 impr.). |
||
| 300 |
_a256 p. : _bil. col. |
||
| 650 | 4 |
_aCartilla mayo _98069 |
|
| 650 | 4 |
_aMayo _xEstudio y enseñanza (Elemental) _924775 |
|
| 650 | 4 |
_aIndígenas de México _zSonora _xLenguas _924774 |
|
| 650 | 4 |
_aIndígenas de México _zSinaloa _xLenguas _924773 |
|
| 740 | 0 | _aLengua mayo : Sonora y Sinaloa : primer grado | |
| 905 | _aLibro | ||
| 999 |
_c201284 _d201284 |
||